000 00700nam a2200277Ia 4500
005 20260324111731.0
008 008 260324s9999 xx 000 0 eng d
020 _a9781032710785
037 _aEBOOK
040 _aCRL
040 _beng
040 _cCRL
041 _2eng
041 _aeng
084 _qCRL
100 _aJudith S. Lederman; Valarie Akerson; Selina L. Bartels
_91139793
245 0 _aShaping Scientific Literacy in Every Elementary Classroom
260 _bTaylor and Francis
260 _c2025
365 _a
365 _b230
856 _uhttp://www.taylorfrancis.com/books/9781032710785
942 _cEBOOK
999 _c1728708
_d1728708